000 00394nam a2200169Ia 4500
100 _aKumar/Ranjit
650 _aResearch methodology
942 _cBK
366 _f25
654 _amethodology.
245 _aResearch Methodology: A step by step guide for begineers
260 _bPearson Eduation
_c2005
082 _bKUM
300 _a332
546 _aENGLISH
_cInfo.Tech
999 _c18882
_d18882